1764 1373 1390 1333 1910 1641 1050 1912 1364 1841 1310 1241 1519 1979 1859 1808 1693 1014 1632 1398 1224 1725 1850 1988 1257 1819 1959 1112 1411 1234 1372 1892 1223 1148 1253 1397 1587 1752 1758 1651 1567 1583 1529 1002 1785 1209 1279 1222 1006 1358 1919 1737 1877 1942 1228 1650 1061 1319 1928 1531 1558 1870 1840 1340 1464 1105 1454 1888 1331 1966 1421 1353 1849 1072 1995 1488 1342 1390 1451 1027 1429 1297 1976 1214 1013 1865 1796 1917 1891 1420 1592 1437 1266 1116 1558 1632 1277 1870 1113 BCNSPRNW ULIB Ver.6.0+V

เปลี่ยนเป็นภาษาไทย

Change to English
 แสดงรายละเอียดบรรณานุกรม
  กลับหน้าหลัก

Brief Record : Get Marc (ISO 2709) : E-mail record : QR code < ปิดหน้าต่าง
LEADER : 00000nam 2200000uu 4500
001    13399123112
003     ULIB
008    210214s2555 th a 000 0 tha d
020    9786162361692
050  4 BQ358^bพ358ป
100    พระมหาสมปอง ตาลปุตโต
245    พระมหาสมปองถาม พระมหาเผด็จตอบ ฉบับ เปลี่ยนมุมคิดชีวิตก็สุขได้ /^cพระมหาสมปอง ตาลปุตโต และ พระมหาเผด็จ ติสโร
246 21 เปลี่ยนมุมคิดชีวิตก็สุขได้
260    นนทบุรี :^bธิงค์ บียอนด์ บุ๊คส์,^c2555
300    193 หน้า
650    ธรรมะ
700 0  พระมหาเผด็จ ติสโร
945    ^p160^l0^i20298
999    ^aทศพร เกษรทอง
รายการนี้ยังไม่มีแท็ก
คุณยังไม่ได้ล็อกอิน คุณสามารถมีกิจกรรมร่วมกับเว็บไซต์ได้ แต่ต้องล็อกอินก่อน ::
  ล็อกอิน

รายการสื่อสารสนเทศ

ลำดับที่ ประเภท เลขเรียก/บาร์โค้ด สถานที่ สถานะ
1. การศึกษาทั่วไป
การศึกษาทั่วไป
BQ358 พ358ป ฉ.1 
  Barcode: 20298
ห้องสมุดวิทยาเขตนครสวรรค์
►หนังสือทั่วไป:l:General Books
บนชั้น

รายการใกล้เคียง
    ผู้แต่ง [พระมหาสมปอง ตาลปุตโต]

    หัวเรื่อง [ธรรมะ]

BibComment


ยังไม่เคยถูกคอมเมนท์

คอมเมนท์ทรัพยากรรายการนี้
  คอมเมนท์: พระมหาสมปองถาม พร..


 Copyright 2026. Bcnsprnw @Library